Discurso del método (Record no. 1481)
[ view plain ]
| 000 -LEADER | |
|---|---|
| fixed length control field | 00483 #a2200193 #4500 |
| 001 - CONTROL NUMBER | |
| control field | BNM000684 |
| 005 - DATE AND TIME OF LATEST TRANSACTION | |
| control field | 20130730112051.0 |
| 008 - FIXED-LENGTH DATA ELEMENTS--GENERAL INFORMATION | |
| fixed length control field | amultilingüe |
| 040 ## - CATALOGING SOURCE | |
| Original cataloging agency | AR-C50180D0 |
| 082 ## - DEWEY DECIMAL CLASSIFICATION NUMBER | |
| Edition number | 14 |
| Classification number | 190 |
| 100 ## - MAIN ENTRY--PERSONAL NAME | |
| Personal name | Descartes, René |
| 245 ## - TITLE STATEMENT | |
| Title | Discurso del método |
| Statement of responsibility, etc | René Descartes |
| 260 ## - PUBLICATION, DISTRIBUTION, ETC. (IMPRINT) | |
| Place of publication, distribution, etc | Madrid |
| Name of publisher, distributor, etc | Universidad de Puerto Rico |
| Date of publication, distribution, etc | 1954 |
| 300 ## - PHYSICAL DESCRIPTION | |
| Extent | 237 p. |
| 650 ## - SUBJECT ADDED ENTRY--TOPICAL TERM | |
| Topical term or geographic name as entry element | FILOSOFIA MODERNA |
| 9 (RLIN) | 949 |
| 942 ## - ADDED ENTRY ELEMENTS (KOHA) | |
| Source of classification or shelving scheme | Dewey Decimal Classification |
| Item type | Libro, folleto, traducción |
| Withdrawn status | Lost status | Source of classification or shelving scheme | Damaged status | Not for loan | Home library | Current library | Date acquired | Source of acquisition | Total Checkouts | Total Renewals | Full call number | Barcode | Date last seen | Date last borrowed | Price effective from | Koha item type |
|---|---|---|---|---|---|---|---|---|---|---|---|---|---|---|---|---|
| Dewey Decimal Classification | Biblioteca Central | Biblioteca Central | 30/07/2013 | Donación | 3 | 6 | 190 DES | UNAJ13070826 | 17/03/2025 | 16/11/2022 | 30/07/2013 | Libro, folleto, traducción |